000 00680cam a22002533a 4500
001 26271
003 PGUSA
005 20140828083551.0
008 080801s2008||||xxu|||||s|||||000 p eng d
040 _aPGUSA
_beng
042 _adc
050 4 _aPZ
100 1 _aNewell, Peter,
_d1862-1924
245 1 4 _aThe Slant Book
_h[electronic resource] /
_cPeter Newell
260 _bProject Gutenberg,
_c2008
506 _aPublic domain in the USA.
516 _aElectronic text
653 _aChildren's poetry
653 _aStories in rhyme
653 _aHumorous poetry
830 0 _aProject Gutenberg
_v26271
856 4 0 _uhttp://www.gutenberg.org/ebooks/26271
942 _cEB
999 _c255526
_d255526